书目信息 |
| 题名: |
天台茶
|
|
| 作者: | 胡明刚 著 | |
| 分册: | ||
| 出版信息: | 上海 上海远东出版社 2008.05 |
|
| 页数: | 225页 | |
| 开本: | 21cm | |
| 丛书名: | 远东新书 | |
| 单 册: | ||
| 中图分类: | TS971 | |
| 科图分类: | ||
| 主题词: | 茶--cha--文化--天台县 | |
| 电子资源: | ||
| ISBN: | 978-7-80706-669-9 | |
| 000 | 00843nam 2200265 450 | |
| 001 | 012009606944 | |
| 005 | 20090429140404.56 | |
| 010 | @a978-7-80706-669-9@dCNY28.00 | |
| 100 | @a20090429d2008 em y0chi0120 ea | |
| 101 | 0 | @achi |
| 102 | @aCN@b310000 | |
| 105 | @aa a 000yy | |
| 106 | @ar | |
| 200 | 1 | @a天台茶@Atian tai cha@f胡明刚著@Fhu ming gang zhu |
| 210 | @a上海@c上海远东出版社@d2008.05 | |
| 215 | @a225页@c图@d21cm | |
| 225 | 2 | @a远东新书@Ayuan dong xin shu |
| 320 | @a有书目 (第224-225页) | |
| 330 | @a本书主要内容包括:天台仙茶起茶烟,葛玄植茶有仙圃,雾芽吸尽香龙脂,饮茶驾云会仙真,丹丘雾芽生羽翼,紫凝茗泉竹沥水等。 | |
| 410 | 0 | @12001 @a远东新书 |
| 606 | 0 | @a茶@Acha@x文化@y天台县 |
| 690 | @aTS971@v4 | |
| 701 | 0 | @a胡明刚@Ahu ming gang@4著 |
| 801 | 0 | @aCN@bQSSK@c20090429 |
| 905 | @b739173-75@dTS971@eH491@f3 | |
| 天台茶/胡明刚著.-上海:上海远东出版社,2008.05 |
| 225页:图;21cm.-(远东新书) |
| ISBN 978-7-80706-669-9:CNY28.00 |
| 本书主要内容包括:天台仙茶起茶烟,葛玄植茶有仙圃,雾芽吸尽香龙脂,饮茶驾云会仙真,丹丘雾芽生羽翼,紫凝茗泉竹沥水等。 |
| ● |
| 相关链接 |
|
|
|
正题名:天台茶
索取号:TS971/H491
 
预约/预借
| 序号 | 登录号 | 条形码 | 馆藏地/架位号 | 状态 | 备注 |
| 1 | 739173 | 207391730 | 自科库501/501自科库 44排3列4层/ [索取号:TS971/H491] | 在馆 | |
| 2 | 739174 | 207391749 | 自科库501/501自科库 44排3列4层/ [索取号:TS971/H491] | 在馆 | |
| 3 | 739175 | 207391758 | 自科库501/501自科库 44排3列4层/ [索取号:TS971/H491] | 在馆 |